000 00502cam a2200169 4500500
005 20260329004051.0
041 _afre
042 _adc
100 1 0 _aNicolas, Ariane
_eauthor
245 0 0 _aConservatisme
260 _c2018.
500 _a62
690 _aConservatisme
690 _aRoger Scruton
786 0 _nPhilosophie magazine | 120 | 6 | 2018-06-01 | p. 54-54 | 1951-1787
856 4 1 _uhttps://shs.cairn.info/magazine-philosophie-magazine-2018-6-page-54?lang=fr&redirect-ssocas=7080
999 _c1830322
_d1830322